[Event "IECC Trio 626 email"]
[Site "IECC email"]
[Date "1998.10.10"]
[Round "?"]
[White "Zohar, Noam"]
[Black "McIlhinney, Eric"]
[Result "1/2-1/2"]
[WhiteElo "1829"]
[BlackElo "1651"]
[PlyCount "62"]
[EventDate "1998.??.??"]
[EventType "tourn (corr)"]
[EventRounds "4"]
[SourceTitle "Corr 2008"]
[Source "ChessBase"]
[SourceDate "2008.06.24"]
[SourceVersion "1"]
[SourceVersionDate "2008.06.24"]
[SourceQuality "1"]

1. Nf3 Nf6 2. c4 d6 3. Nc3 g6 4. d4 Bg7 5. e4 0-0 6. Be2 e5 7. Bg5 h6 8. Bh4 exd4 9. Nxd4 g5 10. Bg3 Re8 11. f3 Nh5 12. Bf2 Nf4 13. 0-0 Nc6 14. Qd2 Nxe2+ 15. Ndxe2 f5 16. Rae1 f4 17. b3 Ne5 18. Rd1 b6 19. Nb5 Bd7 20. Nbd4 Rf8 21. Nc3 g4 22. fxg4 Bxg4 23. Rc1 Qg5 24. Be1 f3 25. Qxg5 hxg5 26. Nxf3 Nxf3+ 27. gxf3 Bh3 28. Bd2 Bd4+ 29. Kh1 Bxf1 30. Rxf1 c6 31. Ne2 Bf6 1/2-1/2